Story is a vagabond : Fiction, essays, and drama
Guardat en:
| Autor principal: | |
|---|---|
| Format: | Llibre |
| Idioma: | Undetermined |
| Publicat: |
Honolulu, Hi
University of Hawaiʻi Press
2015
|
| Matèries: | |
| Etiquetes: |
Afegir etiqueta
Sense etiquetes, Sigues el primer a etiquetar aquest registre!
|
| Thư viện lưu trữ: | Trung tâm Học liệu Trường Đại học Cần Thơ |
|---|
| LEADER | 00618nam a2200193Ia 4500 | ||
|---|---|---|---|
| 001 | CTU_237171 | ||
| 008 | 210402s9999 xx 000 0 und d | ||
| 082 | |a 891.4393 | ||
| 082 | |b H968 | ||
| 100 | |a Husain, Intizar | ||
| 245 | 0 | |a Story is a vagabond : | |
| 245 | 0 | |b Fiction, essays, and drama | |
| 245 | 0 | |c Intizar Husain ; Frank Stewart series editor | |
| 260 | |a Honolulu, Hi | ||
| 260 | |b University of Hawaiʻi Press | ||
| 260 | |c 2015 | ||
| 650 | |a Truyện ngắn Pakistan (Tiếng Anh),Short stories, Pakistani (English) | ||
| 910 | |b nthai | ||
| 980 | |a Trung tâm Học liệu Trường Đại học Cần Thơ | ||